<?xml version="1.0" encoding="UTF-8"?>
<record
    xmlns:xsi="http://www.w3.org/2001/XMLSchema-instance"
    xsi:schemaLocation="http://www.loc.gov/MARC21/slim http://www.loc.gov/standards/marcxml/schema/MARC21slim.xsd"
    xmlns="http://www.loc.gov/MARC21/slim">

  <leader>01076cas a22002417a 4500</leader>
  <datafield tag="999" ind1=" " ind2=" ">
    <subfield code="c">6972</subfield>
    <subfield code="d">6972</subfield>
  </datafield>
  <controlfield tag="003">OSt</controlfield>
  <controlfield tag="005">20231121103605.0</controlfield>
  <controlfield tag="008">161108s2010    spcab||||     000 00cat|d</controlfield>
  <datafield tag="040" ind1=" " ind2=" ">
    <subfield code="b">cat</subfield>
    <subfield code="c">CDMR</subfield>
  </datafield>
  <datafield tag="110" ind1="2" ind2=" ">
    <subfield code="9">3633</subfield>
    <subfield code="a">Associaci&#xF3; Catalana de la Premsa Comarcal</subfield>
  </datafield>
  <datafield tag="245" ind1="1" ind2="3">
    <subfield code="a">El llibre blanc de les revistes i la premsa en catal&#xE0;</subfield>
    <subfield code="c">Federaci&#xF3; d&#x2019;Associacions d&#x2019;Editors de Premsa, Revistes i Mitjans digitals editats en catal&#xE0;</subfield>
  </datafield>
  <datafield tag="246" ind1="3" ind2="3">
    <subfield code="a">Llibre blanc de la premsa comarcal</subfield>
  </datafield>
  <datafield tag="260" ind1=" " ind2=" ">
    <subfield code="a">Barcelona :</subfield>
    <subfield code="b">Federaci&#xF3; d&#x2019;Associacions d&#x2019;Editors de Premsa, Revistes i Mitjans digitals editats en catal&#xE0;,</subfield>
    <subfield code="c">2010-2016</subfield>
  </datafield>
  <datafield tag="650" ind1="0" ind2="7">
    <subfield code="a">Premsa comarcal</subfield>
    <subfield code="z">Catalunya</subfield>
    <subfield code="2">lemac</subfield>
    <subfield code="9">3717</subfield>
  </datafield>
  <datafield tag="650" ind1="0" ind2="4">
    <subfield code="a">Mitjans de comunicaci&#xF3; digitals</subfield>
    <subfield code="9">3079</subfield>
  </datafield>
  <datafield tag="650" ind1="0" ind2="4">
    <subfield code="a">Revistes catalanes</subfield>
    <subfield code="9">4401</subfield>
  </datafield>
  <datafield tag="653" ind1=" " ind2=" ">
    <subfield code="a">Mem&#xF2;ria</subfield>
  </datafield>
  <datafield tag="710" ind1="2" ind2=" ">
    <subfield code="a">Associaci&#xF3; Catalana de la Premsa Comarcal</subfield>
    <subfield code="9">3633</subfield>
  </datafield>
  <datafield tag="710" ind1="2" ind2=" ">
    <subfield code="a">Associaci&#xF3; de Publicacions Peri&#xF2;diques en Catal&#xE0;</subfield>
    <subfield code="9">1342</subfield>
  </datafield>
  <datafield tag="710" ind1="1" ind2=" ">
    <subfield code="a">Catalunya.</subfield>
    <subfield code="b">Departament de la Presid&#xE8;ncia</subfield>
  </datafield>
  <datafield tag="856" ind1="4" ind2=" ">
    <subfield code="u">http://www.premsacomarcal.cat/biblioteca</subfield>
    <subfield code="z">Acc&#xE9;s lliure</subfield>
  </datafield>
  <datafield tag="942" ind1=" " ind2=" ">
    <subfield code="c">SER-E</subfield>
    <subfield code="2">udc</subfield>
  </datafield>
  <datafield tag="952" ind1=" " ind2=" ">
    <subfield code="0">0</subfield>
    <subfield code="1">0</subfield>
    <subfield code="4">0</subfield>
    <subfield code="7">0</subfield>
    <subfield code="a">CDMR</subfield>
    <subfield code="b">CDMR</subfield>
    <subfield code="d">2016-11-08</subfield>
    <subfield code="h">2010-2016</subfield>
    <subfield code="l">0</subfield>
    <subfield code="r">2016-11-08</subfield>
    <subfield code="w">2016-11-08</subfield>
    <subfield code="y">SER-E</subfield>
  </datafield>
</record>
